00562nam a22001817a 450000500170000001000150001702000260003203500130005803700130007108200100008410000140009424501070010826000430021527000500025830000250030870000200033370000270035320141021122940.0 aENG-111014 c195.00a9788175157026 aEN-94546 bDBAD/PUB a158.1 aRao, M.S. aSmartness guide :cby M.S. Rao, M. Ganesh Sai [and] M. Ramakrishna Sayeebsuccess tools for students / aNew DelhibGalgotia Publicationsc2012 bNew Delhie110002a5, Ansari Road, Darya Ganj axii,118p.c22cm(pbk) aSai, M. Ganesh  aSayee, M. Ramakrishna